Pink Skies - Zach Bryan - All Lyrics - Statistics

General Stats
  • This quiz has been taken 799 times
  • The average score is 198 of 239
Answer Stats
Answer % Correct
a
99%
I
99%
The
99%
the
99%
to
97%
are
96%
funeral
96%
in
96%
you
96%
You
96%
for
95%
kid
95%
kids
94%
town
94%
and
93%
And
93%
pink
92%
skies
92%
So
92%
be
91%
your
91%
Your
91%
'em
88%
know
88%
no
88%
all
86%
eyes
85%
on
85%
enjoy
84%
dry
83%
they
83%
beautiful
82%
car
82%
of
82%
pack
82%
plenty
82%
was
82%
We
82%
clean
81%
comin'
81%
got
81%
nights
81%
or
81%
see
81%
back
80%
blood
80%
heard
80%
here
80%
house,
80%
left
80%
proud
80%
taught
80%
think
80%
under
80%
young
80%
at
79%
been
79%
ever
79%
If
79%
mop
79%
stand
79%
tall
79%
you'd
79%
before
78%
now,
78%
that
78%
floors,
77%
don't
76%
one's
76%
'08
75%
could
75%
drawers,
75%
clear
74%
doorframe
74%
mention
74%
tiptoed
74%
up
73%
4'1"
71%
inches
71%
God
70%
yuppies
70%
Like
69%
scraped
68%
arm
65%
broke
65%
day
65%
as
64%
grass
64%
same
64%
swingin'
63%
way
62%
livin'
61%
smells
61%
bet
60%
he's
60%
Jesus
60%
never
60%
thing
60%
about
59%
river
59%
they's
59%
out
58%
out,
58%
said
58%
But
57%
him
53%
bailed
47%
yuppiеs
10%
No matching quizzes found
Score Distribution
Percent of People with Each Score
Percentile by Number Answered
Your Score History
You have not taken this quiz